Arduino para principiantes : (Registro nro. 16302)
[ vista simple ]
| 000 -CABECERA | |
|---|---|
| Campo de control de longitud fija | 00727nam a22002055a 4500 |
| 001 - NÚMERO DE CONTROL | |
| Campo de control | BNC01000000000000001199268 |
| 003 - IDENTIFICADOR DEL NÚMERO DE CONTROL | |
| Campo de control | CL-SaCFP |
| 005 - FECHA Y HORA DE LA ÚLTIMA TRANSACCIÓN | |
| Campo de control | 20250807120136.0 |
| 008 - CÓDIGOS DE INFORMACIÓN DE LONGITUD FIJA | |
| Campo de control de longitud fija | 220208s 000 0 spa |
| 015 ## - NÚMERO DE BIBLIOGRAFÍA NACIONAL | |
| Número de bibliografía nacional | cl- |
| 020 ## - NÚMERO INTERNACIONAL NORMALIZADO PARA LIBROS (ISBN) | |
| Número Internacional Normalizado para Libros (ISBN) | 9788426727244 |
| 040 ## - FUENTE DE LA CATALOGACIÓN | |
| Centro catalogador de origen | clsabn |
| Lengua de catalogación | spa |
| Centro transcriptor | clsabn |
| 099 ## - LOCAL FREE-TEXT CALL NUMBER (OCLC) | |
| Classification number | sge/20220208 |
| 100 1# - PUNTO DE ACCESO PRINCIPAL - NOMBRE DE PERSONA | |
| Nombre de persona | Schernich, Erik |
| 245 10 - MENCIÓN DE TÍTULO | |
| Título | Arduino para principiantes : |
| Resto del título | aprendizaje mediante programación por bloques para docentes y toda la familia / |
| Mención de responsabilidad etc. | Erik Schernich ; traducción: Virginia Pérez. |
| 250 ## - MENCIÓN DE EDICIÓN | |
| Mención de edición | Segunda edición en español, 2019 |
| 260 ## - PUBLICATION, DISTRIBUTION, ETC. (IMPRINT) | |
| Lugar de publicación distribución etc. | [Chile] : |
| Nombre del editor distribuidor etc. | Marcombo, S.A., |
| Fecha de publicación distribución etc. | 2019 |
| Lugar de fabricación | (Chile : |
| Fabricante | A Impresores) |
| 300 ## - DESCRIPCIÓN FÍSICA | |
| Extensión | 223 páginas : |
| Otras características físicas | ilustraciones ; |
| Dimensiones | 24 cm. |
| 942 ## - ENTRADA PARA ELEMENTOS AGREGADOS (KOHA) | |
| Fuente de clasificación o esquema de ordenación en estanterías | Dewey Decimal Classification |
| Koha [por defecto] tipo de item | Libros |
| Suprimido | Estado de pérdida | Fuente de clasificación o esquema de ordenación en estanterías | Estropeado | No para préstamo | Código de colección | Localización permanente | Localización actual | Localización en estanterías | Fecha de adquisición | Préstamos totales | Renovaciones totales | Código de barras | Fecha última consulta | Fecha último préstamo | Fecha del precio de reemplazo | Tipo de item de Koha |
|---|---|---|---|---|---|---|---|---|---|---|---|---|---|---|---|---|
| Dewey Decimal Classification | Colección General | Biblioteca Central | Biblioteca Central | Colección General | 07/08/2025 | 1 | 1 | 3563000054749 | 21/10/2025 | 07/08/2025 | 07/08/2025 | Libros |